Fr. Conceicao Rodrigues College of Engineering

Professional Jini (Record no. 33152)

MARC details
000 -LEADER
fixed length control field 00326nam a2200169Ia 4500
082 ## - DEWEY DECIMAL CLASSIFICATION NUMBER
Classification number 005.133J/SIN
Item number SIN
100 ## - MAIN ENTRY--PERSONAL NAME
Personal name Sing Li
245 ## - TITLE STATEMENT
Title Professional Jini
260 ## - PUBLICATION, DISTRIBUTION, ETC.
Name of publisher, distributor, etc. SPD/Wrox
Date of publication, distribution, etc. 2001
366 ## - TRADE AVAILABILITY INFORMATION
Publishers's discount category 20
300 ## - PHYSICAL DESCRIPTION
Extent 886
546 ## - LANGUAGE NOTE
Language note ENGLISH
650 ## - SUBJECT ADDED ENTRY--TOPICAL TERM
Topical term or geographic name entry element Computers
654 ## - SUBJECT ADDED ENTRY--FACETED TOPICAL TERMS
Focus term jini
942 ## - ADDED ENTRY ELEMENTS (KOHA)
Koha item type Reference Book
Holdings
Withdrawn status Lost status Damaged status Not for loan Collection Home library Current library Shelving location Date acquired Source of acquisition Cost, normal purchase price Inventory number Total Checkouts Full call number Barcode Date last seen Cost, replacement price Price effective from Koha item type
        CRC Fr. Agnel's C.Rodrigues College of Engineering Fr. Agnel's C.Rodrigues College of Engineering   17/03/2023 Computer Book shop 555.00 431 dt 08/06/2006   005.133J/SIN SIN 16689 17/03/2023 575.00   Reference Book